• 首页
  • 本馆介绍
  • 公告通知
  • 最新文献
  • 馆藏检索
  • 电子资源
  • 读者导购
  • 参考咨询
  • 我的图书馆
  • 登录
  • 详细信息显示
  • 放入我的书架
  • 预约/预借图书
  • 作者相关作品
  • 分类相关作品
  • 丛书相关作品
  • 出版社相关作品

书目信息

  • 表格格式
  • 工作单格式
  • 卡片格式
题名:
哥德巴赫猜想
    
 
作者: 潘承洞 , 潘承彪 著
分册:  
出版信息: 北京   科学出版社  1981
页数: 330页
开本: 21cm
丛书名:
单 册:
中图分类: O156.4
科图分类:
主题词: 哥德巴赫猜想 , 代数 , 数论 , 组合数学
电子资源:
ISBN:
000 00735nam0 2200289 45
001 0181005372
005 20040907174323.6
010    @dCNY1.65
091    @a13031.1479
100    @a19950313d1981 emky0chiy0121 ea
101 0  @achi
102    @aCN@b110000
105    @ay z 000yy
106    @ar
200 10 @a哥德巴赫猜想@Age de ba he cai xiang@f潘承洞, 潘承彪著
210    @a北京@c科学出版社@d1981
215    @a330页@d21cm
606    @a哥德巴赫猜想
606 0  @a代数
606 0  @a数论
606 0  @a组合数学
690    @aO156.4@v3
701  0 @a潘承洞@Apan cheng dong@4著
701  0 @a潘承彪@Apan cheng biao@4著
801  0 @aCN@b上海图书馆@c20040518
801  2 @aCN@bNLC@c20040518
905    @dO156.4@e28@f1@b121817
    
    哥德巴赫猜想/潘承洞, 潘承彪著.-北京:科学出版社,1981
    330页;21cm
    
    
    ISBN :CNY1.65
    
●
相关链接 在E读中查询图书 在五车中查询图书 在当当中查询图书 在豆瓣中查询图书


正题名:哥德巴赫猜想     索取号:O156.4/28         预约/预借

序号 登录号 条形码 馆藏地/架位号 状态 备注
1 0121816   000415223   第三借阅区/ [索取号:O156.4/28] 在馆    
2 0121817   001948361   第三借阅区/ [索取号:O156.4/28] 在馆    
3 0121818   000415214   第二样本阅览室/ [索取号:O156.4/28] 在馆    
唐山师范学院图书馆 欢迎您!
大连网信软件有限公司© 版权所有